Normal view
MARC view
- DeRossi, Claude J
Entry Personal Name
001 - CONTROL NUMBER
- control field: 104204
003 - CONTROL NUMBER IDENTIFIER
- control field: NUST
005 - DATE AND TIME OF LATEST TRANSACTION
- control field: 20221206111734.0
008 - FIXED-LENGTH DATA ELEMENTS
- fixed length control field: 221206|| aca||aabn | a|a d
040 ## - CATALOGING SOURCE
- Original cataloging agency: NUST
- Transcribing agency: NUST
100 ## - HEADING--PERSONAL NAME
- Personal name: DeRossi, Claude J
670 ## - SOURCE DATA FOUND
- Source citation: Work cat.: (NUST)179526: DeRossi, Claude J., Exploring the world of data processing /, [1975]
